000 00288nam a22001337a 4500
008 171102b xxu||||| |||| 00| 0 eng d
020 _a9780132135498
041 _aeng
080 _a338.139
100 _a60
101 _aMAR
245 _aSPORTS MARKETING
_cROY.D.P
942 _2udc
_cBK
999 _c37273
_d37273